Ausgestellt, Vorgestellt : Rückblick /
Saved in:
| Corporate Author: | |
|---|---|
| Format: | Book |
| Language: | German |
| Published: |
Marl [Germany] :
Skulpturenmuseum Glaskasten,
[2003]
|
| Subjects: | |
| Tags: |
Add Tag
No Tags, Be the first to tag this record!
|
| LEADER | 01006nam a22002774a 4500 | ||
|---|---|---|---|
| 001 | 009355898-8 | ||
| 005 | 20060622160523.0 | ||
| 008 | 040402s2003 gw a bc 000 0 ger | ||
| 010 | |a 2004436514 | ||
| 020 | |a 3924790647 | ||
| 035 | 0 | |a ocm64441368 | |
| 040 | |a DLC |c DLC | ||
| 042 | |a pcc | ||
| 050 | 0 | 0 | |a N6494.I56 |b A98 2003 |
| 245 | 0 | 0 | |a Ausgestellt, Vorgestellt : |b Rückblick / |c Skulpturenmuseum Glaskasten Marl. |
| 260 | |a Marl [Germany] : |b Skulpturenmuseum Glaskasten, |c [2003] | ||
| 300 | |a 71 p. : |b ill. (some col.) ; |c 21 x 30 cm. | ||
| 500 | |a "Norvin Leineweber, Christoph Platz, Peter Wüthrich, Susan Hartnett, Jan Kopp." | ||
| 500 | |a Catalog of an exhibition held at the Skulpturenmuseum Glaskasten Marl, Feb.16-Mar. 30, 2003. | ||
| 504 | |a Includes bibliographical references. | ||
| 650 | 0 | |a Installations (Art) |z Germany |v Exhibitions. | |
| 650 | 0 | |a Art, German |y 20th century |v Exhibitions. | |
| 710 | 2 | |a Skulpturenmuseum der Stadt Marl. | |
| 988 | |a 20040505 | ||
| 049 | |a HFLA | ||
| 906 | |0 DLC | ||


